000 01005 a2200241 4500
001 118605
020 _a9780448089188
020 _qenc.
041 _aeng
082 _a[Fic]
245 1 0 _aThe Hardy boys mystery stories
246 _aThe twisted claw
490 _aThe Hardy boys mystery stories
520 _aA series of museum thefts launch the Hardy Boys on this baffling mystery. Rare collections of ancient pirate treasure are being stolen, so Frank and Joe are asked to stake out the Black Parrot, a suspicious freighter docked in Bayport Harbor. This whirlwind chase after a self-styled pirate king in the Caribbean stronghold of the Empire of the Twisted Claw makes a gripping tale of suspense and high adventure.
697 _aMystery - Fiction
856 _u000031/0000315c.jpg
040 _aBR-BrIDEA
_cBR-BrIDEA
090 _aYear 4 [Fic]
_bHAR
260 _aNew York
_bGrosset & Dunlap
_c1997
300 _a180 p.
_bill.
700 _aDixon, Franklin W.
_eauthor
942 _cBK
999 _c118605
_d118605